000 01208nam a2200253Ia 4500
003 OSt
005 20220930094859.0
006 a|||||r|||| 00| 0
007 ta
008 220926b |||||||| |||| 00| 0 hin d
024 _a32464
037 _cTheses
040 _aCRL
_cCRL
_bhin
041 _2hin
_ahin
100 _aयादव, रत्नेश कुमार, ले.
_9159468
110 _aदिल्ली विश्वविद्यालय. कला संकाय. हिन्दी
_9556559
245 0 _aहिन्दी उपन्यासों की कथा एवं भाषा संरचना का तुलनात्मक अध्ययन
_b 1990 से 2010 तक प्रकाशित उपन्यास
246 _aHindī upanyāsoan kī kathā evan bhāṣhā sanrachanā kā tulanātmak adhyayana: 1990 se 2010 tak prakāshit upanyāsa
260 _c2015
300 _a286पृ.
_ap.
_ccm.
700 _aदिल्ली विश्वविद्यालय. कला संकाय. हिन्दी
_9556560
942 _cDIS
_2CC
999 _c887850
_d887850